书目信息 |
| 题名: |
辩证唯物主义原理
|
|
| 作者: | 赵光武 主编 | |
| 分册: | ||
| 出版信息: | 北京 北京大学出版社 1989.6 |
|
| 页数: | 472页 | |
| 开本: | 20cm | |
| 丛书名: | ||
| 单 册: | ||
| 中图分类: | B02 | |
| 科图分类: | 11.1 | |
| 主题词: | 辩证唯物主义 | |
| 电子资源: | ||
| ISBN: | 7-301-00718-3 | |
| 000 | 00722nam0 2200241 45 | |
| 001 | 0189008834 | |
| 005 | 20070714111918.93 | |
| 010 | @a7-301-00718-3@dCNY3.30 | |
| 020 | @aCN@b89008834 | |
| 100 | @a19901121d1989 m y0chiy0120 ea | |
| 101 | 0 | @achi |
| 102 | @aCN@b110000 | |
| 105 | @ay j 000yy | |
| 200 | 10 | @a辩证唯物主义原理@Abian zheng wei wu zhu yi yuan li@f赵光武主编@Fzhao guang wu zhu bian |
| 210 | @a北京@c北京大学出版社@d1989.6@h1990 | |
| 215 | @a472页@d20cm | |
| 540 | 1 | @a辩证唯物主义 原理@Abian zheng wei wu zhu yi yuan li |
| 606 | @a辩证唯物主义 | |
| 690 | @aB02@v1980 | |
| 692 | @a11.1@v1974 | |
| 701 | 0 | @a赵光武@Azhao guang wu@4主编 |
| 801 | 0 | @aCN@bTSSF@c20070714 |
| 905 | @a10447@dB02@e104 | |
| 辩证唯物主义原理/赵光武主编.-北京:北京大学出版社,1989.6(1990) |
| 472页;20cm |
| ISBN 7-301-00718-3:CNY3.30 |
| ● |
| 相关链接 |
|
|
|
|
正题名:辩证唯物主义原理
索取号:B02/104
 
预约/预借
| 序号 | 登录号 | 条形码 | 馆藏地/架位号 | 状态 | 备注 |
| 1 | 0769992 | 207699926 | 第一样本阅览室/ [索取号:B02/104] | 在馆 |